[Event "VIII Iberoamericano Mexico 2022"]
[Site "Mexico City"]
[Date "2022.02.13"]
[Round "2.31"]
[White "Garcia Guerrero, Isaac Antonio"]
[Black "Lopez De Nava Hernandez, Carlos"]
[Result "1-0"]
[WhiteElo "2338"]
[BlackElo "2023"]
[Annotator "ChessBase"]
[PlyCount "101"]
[EventDate "2022.02.12"]
[EventType "swiss"]
[EventCountry "MEX"]
[SourceTitle "playchess.com"]
[Source "ChessBase"]
[SourceQuality "1"]
[TimeControl "5400+30"]

1. c4 {[%emt 0:00:02]} c6 {[%emt 0:20:41]} 2. Nf3 {[%emt 0:01:10]} Nf6 {[%emt 0:04:26]} 3. Nc3 {[%emt 0:00:19]} d5 {[%emt 0:00:16]} 4. e3 {[%emt 0:00:07]} Bf5 {[%emt 0:01:16]} 5. cxd5 {[%emt 0:00:39]} Nxd5 {[%emt 0:01:56]} 6. d4 {[%emt 0:00:26]} e6 {[%emt 0:00:53]} 7. Bd3 {[%emt 0:01:16]} Bg6 {[%emt 0:04:48]} 8. e4 {[%emt 0:04:04]} Nf6 {[%emt 0:02:07]} 9. O-O {[%emt 0:02:07]} Be7 {[%emt 0:01:21]} 10. h3 {[%emt 0:17:22]} O-O {[%emt 0:05:35]} 11. Qe2 {[%emt 0:02:26]} Nbd7 {[%emt 0:04:49]} 12. Rd1 {[%emt 0:00:57]} Re8 {[%emt 0:06:55]} 13. Be3 {[%emt 0:03:54]} Bb4 {[%emt 0:14:01]} 14. Bg5 {[%emt 0:09:43]} e5 {[%emt 0:05:01]} 15. dxe5 {[%emt 0:14:14]} Nxe5 {[%emt 0:00:14]} 16. Nxe5 {[%emt 0:00:21]} Rxe5 {[%emt 0:00:49]} 17. Bf4 {[%emt 0:00:31]} Re8 {[%emt 0:03:32]} 18. f3 {[%emt 0:02:56]} Qe7 {[%emt 0:00:59]} 19. Rac1 {[%emt 0:06:04]} Rad8 {[%emt 0:00:24]} 20. Be3 {[%emt 0:01:03]} Bc5 {[%emt 0:15:31]} 21. Bxc5 {[%emt 0:04:35]} Qxc5+ {[%emt 0:00:02]} 22. Qf2 {[%emt 0:00:11]} Qxf2+ {[%emt 0:00:29]} 23. Kxf2 {[%emt 0:00:02]} Kf8 {[%emt 0:00:08]} 24. b4 {[%emt 0:03:56]} Rd4 {[%emt 0:01:48]} 25. a3 {[%emt 0:00:58]} Red8 {[%emt 0:00:40]} 26. Ke3 {[%emt 0:00:37]} Ne8 {[%emt 0:03:09]} 27. Ne2 {[%emt 0:04:20]} R4d6 {[%emt 0:00:38]} 28. Nf4 {[%emt 0:01:03]} Nc7 {[%emt 0:00:14]} 29. Be2 {[%emt 0:02:14]} Rxd1 {[%emt 0:00:52]} 30. Bxd1 {[%emt 0:00:10]} Ke7 {[%emt 0:00:47]} 31. Bb3 {[%emt 0:01:36]} Nb5 {[%emt 0:01:01]} 32. a4 {[%emt 0:00:49]} Nd6 {[%emt 0:00:18]} 33. g4 {[%emt 0:01:46]} f6 {[%emt 0:00:21]} 34. Ne6 {[%emt 0:01:36]} Rg8 {[%emt 0:00:10]} 35. Nd4 {[%emt 0:01:45]} Rc8 {[%emt 0:00:02]} 36. h4 {[%emt 0:06:12]} Bf7 {[%emt 0:00:51]} 37. g5 {[%emt 0:00:42]} Bxb3 {[%emt 0:00:44]} 38. Nxb3 {[%emt 0:00:17]} Rd8 {[%emt 0:00:51]} 39. Nd4 {[%emt 0:00:31]} Rd7 {[%emt 0:00:27]} 40. f4 {[%emt 0:00:41]} Kf7 {[%emt 0:00:43]} 41. gxf6 {[%emt 0:00:48]} gxf6 {[%emt 0:00:05]} 42. e5 {[%emt 0:01:21]} fxe5 {[%emt 0:00:57]} 43. fxe5 {[%emt 0:00:12]} Re7 {[%emt 0:00:21]} 44. Kf4 {[%emt 0:00:50]} Ne8 {[%emt 0:00:33]} 45. Rf1 {[%emt 0:01:15]} Nc7 {[%emt 0:00:09]} 46. e6+ {[%emt 0:00:58]} Ke8 {[%emt 0:00:48]} 47. Ke5 {[%emt 0:00:16]} Nd5 {[%emt 0:00:41]} 48. Nf5 {[%emt 0:00:49]} Rc7 {[%emt 0:00:30]} 49. Nd6+ {[%emt 0:00:15]} Ke7 {[%emt 0:00:19]} 50. Rf7+ {[%emt 0:00:11]} Kd8 {[%emt 0:00:26]} 51. Rf8+ {[%emt 0:00:08]} 1-0

[Event "VIII Iberoamericano Mexico 2022"]
[Site "Mexico City"]
[Date "2022.02.13"]
[Round "2.32"]
[White "Guevara Ruiz, Santiago Jose"]
[Black "Perez Garcia, Rodney Oscar"]
[Result "0-1"]
[WhiteElo "1480"]
[BlackElo "2331"]
[Annotator "TA"]
[PlyCount "28"]
[EventDate "2022.02.12"]
[EventType "swiss"]
[EventCountry "MEX"]
[SourceTitle "playchess.com"]
[Source "ChessBase"]
[SourceQuality "1"]

{[%evp 13,28,16,21,-7,25,25,46,-16,-8,-22,-23,-108,-111,-206,-200,-513,-510]} 1. e4 g6 2. d4 Bg7 3. Nf3 c6 4. Nc3 d5 5. e5 Bg4 6. h3 Bxf3 7. Qxf3 e6 8. h4 {B15: Caro-Kann: 3 Nc3: 3...g6 and 3...dxe4 4 Nxe4 Nf6 5 Nxf6+ exf6.} Qb6 9. Qd3 Nd7 {[#]} 10. Be2 $146 (10. h5 $14) ({Predecessor:} 10. h5 c5 11. dxc5 Nxc5 12. Qd4 Nd7 13. Qxb6 Nxb6 14. f4 a6 15. Be3 Nd7 16. Bd3 {½-½ (33) Opitz,P (1959)-Wuttke,J (2043) GER email 2010}) 10... c5 $11 11. dxc5 Nxc5 12. Qg3 (12. Qb5+ $11 Qxb5 13. Bxb5+ Ke7 14. Bg5+ f6 15. exf6+ Nxf6 16. h5) 12... Ne7 $17 {[%cal Bg8e7,Be7f5,Bf5d4][%mdl 32]} 13. Bg5 (13. h5 $17) 13... Nf5 $19 ({Stronger than} 13... Qxb2 14. Rb1 Qxc2 15. O-O $11) 14. Qf3 {[#]} (14. Qh3 {nothing else works.}) 14... Nd4 {Weighted Error Value: White=0.75/Black=0.11 (very precise)} 0-1

[Event "VIII Iberoamericano Mexico 2022"]
[Site "Mexico City"]
[Date "2022.02.13"]
[Round "2.33"]
[White "Noboa Silva, Kevin"]
[Black "Diaz Osorio, Ana Carolina"]
[Result "1-0"]
[WhiteElo "2331"]
[BlackElo "1627"]
[Annotator "ChessBase"]
[PlyCount "51"]
[EventDate "2022.02.12"]
[EventType "swiss"]
[EventCountry "MEX"]
[SourceTitle "playchess.com"]
[Source "ChessBase"]
[SourceQuality "1"]
[TimeControl "5400+30"]

1. d4 {[%emt 0:00:04]} d5 {[%emt 0:06:15]} 2. c4 {[%emt 0:00:15]} e6 {[%emt 0:00:25]} 3. Nc3 {[%emt 0:00:13]} Nf6 {[%emt 0:00:21]} 4. cxd5 {[%emt 0:00:20]} exd5 {[%emt 0:00:58]} 5. Bg5 {[%emt 0:00:24]} c6 {[%emt 0:04:12]} 6. e3 {[%emt 0:00:57]} Nbd7 {[%emt 0:01:15]} 7. Bd3 {[%emt 0:00:43]} Be7 {[%emt 0:01:03]} 8. Nge2 {[%emt 0:00:54]} O-O {[%emt 0:01:41]} 9. Qc2 {[%emt 0:01:11]} Re8 {[%emt 0:04:20]} 10. O-O {[%emt 0:01:05]} Nf8 {[%emt 0:00:44]} 11. Rad1 {[%emt 0:01:20]} g6 {[%emt 0:01:40]} 12. f3 {[%emt 0:02:43]} Ne6 {[%emt 0:02:20]} 13. Bh4 {[%emt 0:00:34]} Ng7 {[%emt 0:08:05]} 14. Bf2 {[%emt 0:02:53]} Bf5 {[%emt 0:09:47]} 15. e4 {[%emt 0:02:10]} dxe4 {[%emt 0:00:31]} 16. fxe4 {[%emt 0:00:16]} Bg4 {[%emt 0:01:22]} 17. h3 {[%emt 0:02:14]} Bd7 {[%emt 0:08:03]} 18. a3 {[%emt 0:06:52]} Ne6 {[%emt 0:05:18]} 19. Bc4 {[%emt 0:07:18]} Ng5 {[%emt 0:06:43]} 20. Be3 {[%emt 0:02:32]} h6 {[%emt 0:04:11]} 21. Bxg5 {[%emt 0:01:26]} hxg5 {[%emt 0:00:12]} 22. e5 {[%emt 0:00:09]} Nd5 {[%emt 0:00:52]} 23. Nxd5 {[%emt 0:00:42]} cxd5 {[%emt 0:00:05]} 24. Bxd5 {[%emt 0:00:10]} Rf8 {[%emt 0:00:54]} 25. Qxg6+ {[%emt 0:01:03]} Kh8 {[%emt 0:00:06]} 26. Bxf7 {[%emt 1:05:02]} 1-0

[Event "VIII Iberoamericano Mexico 2022"]
[Site "Mexico City"]
[Date "2022.02.13"]
[Round "2.34"]
[White "Zaragoza Alanis, Miguel Arnulfo"]
[Black "Perez Rodriguez, Luis Manuel"]
[Result "0-1"]
[WhiteElo "1342"]
[BlackElo "2324"]
[Annotator "TA"]
[PlyCount "104"]
[EventDate "2022.02.12"]
[EventType "swiss"]
[EventCountry "MEX"]
[SourceTitle "playchess.com"]
[Source "ChessBase"]
[SourceQuality "1"]

{[%evp 13,104,33,53,27,58,50,41,42,42,38,40,38,41,39,43,25,20,20,20,0,8,0,0,0,0,-11,0,-34,0,-23,-8,-27,-30,-29,-32,-33,-37,-41,-20,-50,-50,-110,-129,-123,-108,-139,-147,-280,-278,-285,-290,-438,-364,-479,-455,-458,-463,-430,-420,-503,-503,-487,-495,-462,-451,-691,-680,-645,-619,-635,-608,-764,-755,-811,-810,-800,-766,-887,-862,-969,-930,-964,-891,-952,-908,-29967,-876,-864,-787,-853,-852,-29986,-29987]} 1. e4 e5 2. Nf3 Nc6 3. Bc4 Nf6 4. d3 Be7 5. O-O O-O 6. a4 d6 7. Re1 Kh8 8. Nc3 {C55: Two Knights: 4 d3, 4 d4 exd4 5 e5 and Max Lange Attack.} Ng8 9. Nd5 f5 10. h3 {White is slightly better.} fxe4 11. dxe4 ({Reject} 11. Rxe4 Nf6 $11) 11... Nf6 12. c3 Qd7 13. a5 a6 {[#]} 14. Qe2 $146 ({Predecessor:} 14. b4 Bd8 15. Nh2 Qe8 16. Nf1 Nh5 17. Be2 Nf4 18. Bg4 Qf7 19. Be3 Bxg4 20. hxg4 {0-1 (34) Tzermiadianos,A (2438)-Papadopoulos,G (2378) Patras 2019}) 14... Bd8 15. b4 Qe8 16. Bd2 Bd7 17. Rad1 Nh5 18. Kh2 Ne7 19. Nxe7 Bxe7 20. Rf1 Qg6 21. Bc1 {[%cal Of3e5]} Ba4 22. Rde1 Nf4 23. Bxf4 Rxf4 24. g3 Rff8 25. Ng1 Bd7 {This bishop pair is nice.} 26. Qe3 Bg5 {[%cal Be7g5,Bg5h6,Bh6f4][%mdl 32]} 27. f4 {Black keeps a firm grip on the game.} (27. Qd3 $15) 27... exf4 $17 28. gxf4 Bh6 29. Qg3 {[#]} Qf6 {[%cal Rh6f4]} 30. e5 {[#]} (30. Ne2 $17) 30... Qxf4 $1 $19 {[%mdl 512]} 31. Rxf4 (31. Bd5 Qd2+) 31... Bxf4 32. exd6 (32. Nf3 $142) 32... cxd6 (32... Bxg3+ $2 {is the wrong capture.} 33. Kxg3 cxd6 34. Bd5 $19) 33. Bd5 Bxg3+ 34. Kxg3 Bc6 35. Bxc6 bxc6 {[%mdl 4096] Endgame KRR-KRN} 36. Rd1 d5 37. Nf3 Rae8 {White must now prevent ...Re3.} 38. Rd3 Re6 39. Nd4 (39. Kf2 $142) 39... Rg6+ 40. Kh2 Rf2+ 41. Kh1 Kg8 42. Nb3 Re6 {[%cal Re6e1]} 43. Rd1 {To avoid Re1+} Re3 {[%csl LRc3,LRh3]} 44. Nc5 Rxc3 45. Nxa6 Ra2 46. Nc5 Rxh3+ 47. Kg1 h5 {[%cal Bh7h5,Bh5h4][%mdl 32]} 48. Ne6 h4 {( -> ...Rg3+)} 49. Nd4 Rc3 (49... Rhh2 $142 50. Nf3 Rhg2+ 51. Kh1 Rgf2 52. b5 Rxf3 53. bxc6 Rc3 54. Kg1 h3 55. c7 Rxc7 56. Re1 Rcc2 57. Re8+ Kh7 58. Re1 Rg2+ 59. Kh1 Rh2+ 60. Kg1 Rag2+ 61. Kf1 Rh1#) 50. Kh1 c5 51. bxc5 Rxc5 52. Nb3 Rcc2 {Weighted Error Value: White=0.40/Black=0.04 (flawless)} 0-1

[Event "VIII Iberoamericano Mexico 2022"]
[Site "Mexico City"]
[Date "2022.02.13"]
[Round "2.36"]
[White "Berdayes Ason, Dylan Isidro"]
[Black "Garcia Ortega, Natalia Belen"]
[Result "1-0"]
[WhiteElo "2445"]
[BlackElo "1607"]
[Annotator "TA"]
[PlyCount "27"]
[EventDate "2022.02.12"]
[EventType "swiss"]
[EventCountry "MEX"]
[SourceTitle "playchess.com"]
[Source "ChessBase"]
[SourceQuality "1"]

{[%evp 9,27,64,131,120,85,98,744,732,1026,1022,1124,1014,1043,1028,1131,1120,1104,882,862,852]} 1. d4 d5 2. c4 c6 3. Nf3 Bf5 4. cxd5 cxd5 5. Qb3 Qc7 {[#]} ({Better is} 5... Qb6 $14) 6. Nc3 $1 $16 {D11: Slav Defence: 3 Nf3 sidelines and 3...Nf6 4 e3 Bg4.} e6 7. Bf4 Qc6 {[%mdl 8192] A mistake that costs the game.} (7... Qxf4 $2 8. Qxb7 Bb4 9. e3 $18 (9. Qxa8 Qc7 $11)) (7... Qb6 $16) 8. e4 $18 {aiming for Bb5. White is clearly winning.} dxe4 {[#]} 9. Bb5 $1 {[#]} Nd7 $146 (9... exf3 10. Bxc6+) ({Predecessor:} 9... exf3 10. Bxc6+ Nxc6 11. Qxb7 {1-0 (11) Kramskoi,V (889)-Tittarelli,A (1100) LSS email 2013}) 10. Bxc6 bxc6 11. Ne5 Nxe5 12. Bxe5 f6 13. Qb7 Rd8 14. Qxc6+ {Weighted Error Value: White=0.13 (very precise) /Black=0.60} 1-0

[Event "VIII Iberoamericano Mexico 2022"]
[Site "Mexico City"]
[Date "2022.02.13"]
[Round "2.37"]
[White "Sanchez Garcia, Oscar Ernesto"]
[Black "Medina Diaz, Rafael Alejandro"]
[Result "0-1"]
[WhiteElo "1765"]
[BlackElo "2287"]
[Annotator "ChessBase"]
[PlyCount "76"]
[EventDate "2022.02.12"]
[EventType "swiss"]
[EventCountry "MEX"]
[SourceTitle "playchess.com"]
[Source "ChessBase"]
[SourceQuality "1"]
[TimeControl "5400+30"]

1. Nf3 {[%emt 0:03:57]} d5 {[%emt 0:00:09]} 2. d4 {[%emt 0:00:39]} Nf6 {[%emt 0:00:08]} 3. Bf4 {[%emt 0:00:07]} g6 {[%emt 0:01:08]} 4. Nbd2 {[%emt 0:00:31]} Bg7 {[%emt 0:00:08]} 5. e3 {[%emt 0:00:29]} c5 {[%emt 0:00:29]} 6. Bd3 {[%emt 0:03:18]} Qb6 {[%emt 0:01:18]} 7. Rb1 {[%emt 0:08:05]} Nc6 {[%emt 0:01:11]} 8. c3 {[%emt 0:06:18]} O-O {[%emt 0:00:15]} 9. O-O {[%emt 0:00:21]} Nh5 {[%emt 0:00:47]} 10. Bg5 {[%emt 0:07:50]} e5 {[%emt 0:05:25]} 11. dxe5 {[%emt 0:00:25]} Nxe5 {[%emt 0:00:14]} 12. Nxe5 {[%emt 0:00:21]} Bxe5 {[%emt 0:00:06]} 13. e4 {[%emt 0:02:54]} Bf4 {[%emt 0:13:40]} 14. Bh4 {[%emt 0:04:46]} Be6 {[%emt 0:04:17]} 15. exd5 {[%emt 0:08:42]} Bxd5 {[%emt 0:01:00]} 16. c4 {[%emt 0:04:33]} Bc6 {[%emt 0:09:35]} 17. Ne4 {[%emt 0:04:37]} Rfe8 {[%emt 0:02:29]} 18. Re1 {[%emt 0:00:23]} Be5 {[%emt 0:05:16]} 19. Qc2 {[%emt 0:06:43]} Nf4 {[%emt 0:09:45]} 20. Bf1 {[%emt 0:00:24]} f5 {[%emt 0:12:09]} 21. Ng3 {[%emt 0:15:28]} Bg7 {[%emt 0:01:50]} 22. Be7 {[%emt 0:03:14]} Bd4 {[%emt 0:11:40]} 23. b4 {[%emt 0:04:36]} Qc7 {[%emt 0:02:00]} 24. Bxc5 {[%emt 0:06:03]} Bxc5 {[%emt 0:00:56]} 25. bxc5 {[%emt 0:00:03]} Qa5 {[%emt 0:00:29]} 26. Rxe8+ {[%emt 0:05:25]} Rxe8 {[%emt 0:00:44]} 27. Rd1 {[%emt 0:00:55]} Qxc5 {[%emt 0:02:49]} 28. Qd2 {[%emt 0:02:02]} Qe5 {[%emt 0:00:18]} 29. h4 {[%emt 0:00:25]} h5 {[%emt 0:02:14]} 30. Qd6 {[%emt 0:01:03]} Qxd6 {[%emt 0:01:14]} 31. Rxd6 {[%emt 0:00:06]} Re5 {[%emt 0:02:30]} 32. Rd2 {[%emt 0:00:38]} Kf7 {[%emt 0:00:24]} 33. Ne2 {[%emt 0:00:47]} Nxe2+ {[%emt 0:01:40]} 34. Bxe2 {[%emt 0:00:03]} Ke6 {[%emt 0:01:05]} 35. f4 {[%emt 0:00:13]} Re4 {[%emt 0:00:40]} 36. g3 {[%emt 0:00:15]} Re3 {[%emt 0:00:05]} 37. Kf2 {[%emt 0:00:09]} Rc3 {[%emt 0:00:06]} 38. Bf1 {[%emt 0:01:10]} Rf3+ {[%emt 0:09:17]} 0-1

[Event "VIII Iberoamericano Mexico 2022"]
[Site "Mexico City"]
[Date "2022.02.13"]
[Round "2.38"]
[White "Munoz Ricardo, Wasdin Antonio"]
[Black "Davalos Prieto, Abel Justo"]
[Result "1-0"]
[WhiteElo "1745"]
[BlackElo "2103"]
[Annotator "ChessBase"]
[PlyCount "80"]
[EventDate "2022.02.12"]
[EventType "swiss"]
[EventCountry "MEX"]
[SourceTitle "playchess.com"]
[Source "ChessBase"]
[SourceQuality "1"]
[TimeControl "5400+30"]

1. e4 {[%emt 0:02:23]} c5 {[%emt 0:00:16]} 2. Nf3 {[%emt 0:01:01]} Nc6 {[%emt 0:00:11]} 3. d4 {[%emt 0:00:05]} cxd4 {[%emt 0:00:17]} 4. Nxd4 {[%emt 0:00:21]} Nf6 {[%emt 0:00:12]} 5. Nc3 {[%emt 0:00:44]} d6 {[%emt 0:00:09]} 6. Nxc6 {[%emt 0:06:11]} bxc6 {[%emt 0:00:09]} 7. Be2 {[%emt 0:02:05]} e5 {[%emt 0:01:52]} 8. O-O {[%emt 0:02:23]} Be7 {[%emt 0:01:35]} 9. f4 {[%emt 0:01:09]} Qb6+ {[%emt 0:05:41]} 10. Kh1 {[%emt 0:00:20]} O-O {[%emt 0:00:10]} 11. fxe5 {[%emt 0:03:37]} dxe5 {[%emt 0:00:15]} 12. Qe1 {[%emt 0:06:05]} Be6 {[%emt 0:04:54]} 13. Qg3 {[%emt 0:01:06]} Qc7 {[%emt 0:01:19]} 14. Bg5 {[%emt 0:13:25]} Kh8 {[%emt 0:00:23]} 15. Qh4 {[%emt 0:06:23]} Ng8 {[%emt 0:00:53]} 16. Rf3 {[%emt 0:03:06]} Bxg5 {[%emt 0:00:39]} 17. Qxg5 {[%emt 0:00:19]} f6 {[%emt 0:00:09]} 18. Qh4 {[%emt 0:00:53]} Rad8 {[%emt 0:05:31]} 19. Raf1 {[%emt 0:01:29]} Rd4 {[%emt 0:09:02]} 20. g4 {[%emt 0:05:59]} h6 {[%emt 0:07:22]} 21. Bd3 {[%emt 0:04:01]} Qd7 {[%emt 0:03:08]} 22. g5 {[%emt 0:03:11]} fxg5 {[%emt 0:01:23]} 23. Qg3 {[%emt 0:01:53]} Rf4 {[%emt 0:05:53]} 24. Ne2 {[%emt 0:01:33]} Rd6 {[%emt 0:00:09]} 25. Nxf4 {[%emt 0:03:58]} gxf4 {[%emt 0:00:25]} 26. Qe1 {[%emt 0:03:39]} Nf6 {[%emt 0:00:43]} 27. Qb4 {[%emt 0:08:09]} Qc7 {[%emt 0:10:51]} 28. Re1 {[%emt 0:07:55]} Bg4 {[%emt 0:04:52]} 29. Rff1 {[%emt 0:01:28]} Bh3 {[%emt 0:02:30]} 30. Rf3 {[%emt 0:02:16]} Bg4 {[%emt 0:00:17]} 31. Rff1 {[%emt 0:00:27]} c5 {[%emt 0:02:32]} 32. Qc3 {[%emt 0:02:35]} Rd4 {[%emt 0:00:42]} 33. b4 {[%emt 0:03:15]} Rxb4 {[%emt 0:00:56]} 34. Rb1 {[%emt 0:00:52]} Rxb1 {[%emt 0:01:20]} 35. Rxb1 {[%emt 0:00:02]} Bf3+ {[%emt 0:02:53]} 36. Kg1 {[%emt 0:00:03]} Qc8 {[%emt 0:10:00]} 37. Rb5 {[%emt 0:03:33]} Qg4+ {[%emt 0:03:39]} 38. Kf1 {[%emt 0:00:06]} Qg2+ {[%emt 0:01:30]} 39. Ke1 {[%emt 0:00:06]} Qg1+ {[%emt 0:02:47]} 40. Bf1 {[%emt 0:02:24]} Bxe4 {[%emt 0:13:01]} 1-0

[Event "VIII Iberoamericano Mexico 2022"]
[Site "Mexico City"]
[Date "2022.02.13"]
[Round "2.39"]
[White "Lopez Garcia, Miguel Angel"]
[Black "Arvizu Borchardt, David Ivan"]
[Result "1-0"]
[WhiteElo "1710"]
[BlackElo "1987"]
[Annotator "ChessBase"]
[PlyCount "115"]
[EventDate "2022.02.12"]
[EventType "swiss"]
[EventCountry "MEX"]
[SourceTitle "playchess.com"]
[Source "ChessBase"]
[SourceQuality "1"]
[TimeControl "5400+30"]

1. e4 {[%emt 0:00:02]} c5 {[%emt 0:09:02]} 2. Nf3 {[%emt 0:00:08]} Nc6 {[%emt 0:00:38]} 3. Nc3 {[%emt 0:00:20]} g6 {[%emt 0:00:16]} 4. Bc4 {[%emt 0:00:06]} Bg7 {[%emt 0:00:09]} 5. O-O {[%emt 0:00:07]} d6 {[%emt 0:00:10]} 6. Re1 {[%emt 0:06:08]} e6 {[%emt 0:00:20]} 7. d3 {[%emt 0:03:49]} Nge7 {[%emt 0:00:30]} 8. Bb3 {[%emt 0:02:08]} O-O {[%emt 0:01:15]} 9. Bf4 {[%emt 0:08:19]} Na5 {[%emt 0:08:38]} 10. Qd2 {[%emt 0:09:50]} Nxb3 {[%emt 0:06:08]} 11. axb3 {[%emt 0:00:08]} e5 {[%emt 0:05:49]} 12. Bh6 {[%emt 0:06:27]} f5 {[%emt 0:06:59]} 13. Bg5 {[%emt 0:03:19]} Be6 {[%emt 0:07:53]} 14. exf5 {[%emt 0:10:32]} Rxf5 {[%emt 0:02:21]} 15. Ne4 {[%emt 0:04:14]} Qd7 {[%emt 0:04:08]} 16. Ra4 {[%emt 0:10:54]} Nc6 {[%emt 0:06:55]} 17. Nh4 {[%emt 0:03:59]} Rf7 {[%emt 0:00:38]} 18. Bh6 {[%emt 0:02:44]} Raf8 {[%emt 0:01:45]} 19. Qg5 {[%emt 0:02:49]} b6 {[%emt 0:02:12]} 20. Bxg7 {[%emt 0:04:39]} Kxg7 {[%emt 0:00:20]} 21. Ng3 {[%emt 0:03:53]} Ne7 {[%emt 0:10:25]} 22. f3 {[%emt 0:06:01]} h6 {[%emt 0:01:21]} 23. Qe3 {[%emt 0:00:55]} b5 {[%emt 0:00:54]} 24. Ra6 {[%emt 0:02:11]} Rf4 {[%emt 0:02:38]} 25. Ne4 {[%emt 0:01:01]} Rxh4 {[%emt 0:00:02]} 26. Rxd6 {[%emt 0:00:44]} Rxe4 {[%emt 0:00:15]} 27. Rxd7 {[%emt 0:00:11]} Rxe3 {[%emt 0:00:11]} 28. Rxe7+ {[%emt 0:00:07]} Kf6 {[%emt 0:00:26]} 29. Rxe6+ {[%emt 0:00:05]} Kxe6 {[%emt 0:00:11]} 30. Rxe3 {[%emt 0:00:05]} Kd5 {[%emt 0:03:57]} 31. Kf2 {[%emt 0:01:13]} Rf6 {[%emt 0:01:09]} 32. Ke2 {[%emt 0:01:35]} Ra6 {[%emt 0:00:39]} 33. c4+ {[%emt 0:00:31]} Kd6 {[%emt 0:01:06]} 34. Kd2 {[%emt 0:00:43]} Ra2 {[%emt 0:04:05]} 35. Kc2 {[%emt 0:00:05]} Ra1 {[%emt 0:00:46]} 36. cxb5 {[%emt 0:00:26]} Ra5 {[%emt 0:01:00]} 37. Re4 {[%emt 0:00:32]} Rxb5 {[%emt 0:00:45]} 38. Ra4 {[%emt 0:00:11]} a5 {[%emt 0:01:44]} 39. Rg4 {[%emt 0:00:07]} g5 {[%emt 0:01:10]} 40. h4 {[%emt 0:00:07]} Rb4 {[%emt 0:00:56]} 41. Rxb4 {[%emt 0:02:17]} axb4 {[%emt 0:00:08]} 42. hxg5 {[%emt 0:00:18]} hxg5 {[%emt 0:00:03]} 43. Kd2 {[%emt 0:00:10]} Ke6 {[%emt 0:00:46]} 44. Ke3 {[%emt 0:00:08]} Kf5 {[%emt 0:04:47]} 45. g3 {[%emt 0:00:13]} Kf6 {[%emt 0:02:51]} 46. Ke4 {[%emt 0:00:09]} Ke6 {[%emt 0:00:11]} 47. g4 {[%emt 0:00:05]} Kd6 {[%emt 0:00:08]} 48. Kf5 {[%emt 0:00:09]} Kd5 {[%emt 0:00:02]} 49. Kxg5 {[%emt 0:00:10]} Kd4 {[%emt 0:00:01]} 50. Kf5 {[%emt 0:00:10]} Kxd3 {[%emt 0:00:06]} 51. g5 {[%emt 0:00:06]} Kc2 {[%emt 0:00:13]} 52. g6 {[%emt 0:00:07]} Kxb3 {[%emt 0:00:06]} 53. g7 {[%emt 0:00:07]} Kxb2 {[%emt 0:00:05]} 54. g8=Q {[%emt 0:00:07]} Kc3 {[%emt 0:00:38]} 55. Qd5 {[%emt 0:00:33]} c4 {[%emt 0:00:11]} 56. Kxe5 {[%emt 0:00:14]} b3 {[%emt 0:01:27]} 57. Qd4+ {[%emt 0:00:06]} Kb4 {[%emt 0:00:41]} 58. Kd5 {[%emt 0:00:06]} 1-0

[Event "VIII Iberoamericano Mexico 2022"]
[Site "Mexico City"]
[Date "2022.02.13"]
[Round "2.40"]
[White "Macias Zamora, Jose Armando"]
[Black "Paredes Guzman, Francisco Javier"]
[Result "0-1"]
[WhiteElo "1488"]
[BlackElo "1891"]
[Annotator "NA"]
[PlyCount "66"]
[EventDate "2022.02.12"]
[EventType "swiss"]
[EventCountry "MEX"]
[SourceTitle "playchess.com"]
[Source "ChessBase"]
[SourceQuality "1"]
[TimeControl "5400+30"]

1. e4 {[%emt 0:00:02]} c5 {[%emt 0:00:07]} 2. Nf3 {[%emt 0:00:04]} d6 {[%emt 0:00:05]} 3. d4 {[%emt 0:00:05]} cxd4 {[%emt 0:00:04]} 4. Nxd4 {[%emt 0:00:05]} Nf6 {[%emt 0:00:04]} 5. Nc3 {[%emt 0:00:05]} a6 {[%emt 0:00:02]} 6. Rg1 {[%emt 0:00:05]} e5 {[%emt 0:01:30]} 7. Nb3 {[%emt 0:00:06]} Be6 {[%emt 0:02:11]} 8. g4 {[%emt 0:00:08]} d5 {[%emt 0:02:28]} 9. exd5 {[%emt 0:02:30]} Nxd5 {[%emt 0:00:08]} 10. Nxd5 {[%emt 0:00:12]} Qxd5 {[%emt 0:00:18]} 11. Qxd5 {[%emt 0:00:09]} Bxd5 {[%emt 0:00:04]} 12. Be3 {[%emt 0:00:16]} Nc6 {[%emt 0:14:06]} 13. O-O-O {[%emt 0:04:15]} Nb4 {[%emt 0:25:40]} 14. Kb1 {[%emt 0:40:58]} Be4 {[%emt 0:01:30]} 15. Bd3 {[%emt 0:00:12]} Nxd3 {[%emt 0:00:04]} 16. cxd3 {[%emt 0:00:08]} Bf3 {[%emt 0:04:14]} 17. Rc1 {[%emt 0:04:01]} Bd6 {[%emt 0:07:24]} 18. h3 {[%emt 0:07:58]} O-O {[%emt 0:09:21]} 19. d4 {[%emt 0:01:32]} Rfd8 {[%emt 0:01:25]} 20. Nd2 {[%emt 0:05:10]} Bd5 {[%emt 0:04:32]} 21. Nc4 {[%emt 0:04:05]} exd4 {[%emt 0:01:59]} 22. Bxd4 {[%emt 0:00:16]} Bh2 {[%emt 0:05:28]} 23. Rgd1 {[%emt 0:02:30]} Bxc4 {[%emt 0:03:36]} 24. Rxc4 {[%emt 0:11:03]} Be5 {[%emt 0:00:06]} 25. a4 {[%emt 0:01:19]} b5 {[%emt 0:00:06]} 26. axb5 {[%emt 0:00:48]} axb5 {[%emt 0:00:03]} 27. Rb4 {[%emt 0:00:30]} Ra4 {[%emt 0:00:06]} 28. Rxa4 {[%emt 0:00:29]} bxa4 {[%emt 0:00:05]} 29. Bxe5 {[%emt 0:00:17]} Rxd1+ {[%emt 0:00:04]} 30. Ka2 {[%emt 0:00:15]} f6 {[%emt 0:00:26]} 31. Bg3 {[%emt 0:00:20]} Rd3 {[%emt 0:00:07]} 32. Kb1 {[%emt 0:02:07]} Kf7 {[%emt 0:00:06]} 33. Kc2 {[%emt 0:00:09]} Rb3 {[%emt 0:00:06]} 0-1